Worst Nation At Every European Championship - Statistics

General Stats
  • This quiz has been taken 37 times
  • The average score is 14 of 18
Answer Stats
Tournament Answer % Correct
1988 England
100%
2012 Ireland
90%
2024 Scotland
90%
1964 Denmark
86%
1988 Denmark
86%
2000 Denmark
86%
1960 France
86%
1980 Greece
79%
2008 Greece
79%
1968 Soviet Union
79%
2016 Ukraine
79%
1976 Yugoslavia
79%
1984 Yugoslavia
79%
1972 Hungary
76%
2004 Bulgaria
69%
1996 Turkey
66%
2020 Turkey
66%
1992 Commonwealth of Independent States
3%
No matching quizzes found
Score Distribution
Percent of People with Each Score
Percentile by Number Answered
Your Score History
You have not taken this quiz